Hussain v Singh and others (Record no. 44210)
[ view plain ]
| 000 -LEADER | |
|---|---|
| fixed length control field | 01605cab a2200241 4500 |
| 001 - CONTROL NUMBER | |
| control field | ABS49195 |
| 008 - FIXED-LENGTH DATA ELEMENTS--GENERAL INFORMATION | |
| fixed length control field | 090401t1993 xxu||||| |||| 00| 0 eng d |
| 035 ## - SYSTEM CONTROL NUMBER | |
| System control number | (Sirsi) u70306 |
| 041 ## - LANGUAGE CODE | |
| Language code of text/sound track or separate title | eng |
| 245 ## - TITLE STATEMENT | |
| Title | Hussain v Singh and others |
| 260 ## - PUBLICATION, DISTRIBUTION, ETC. | |
| Date of publication, distribution, etc. | 1993 |
| 350 ## - PRICE (NR) (BK AM CF MU VM SE) [OBSOLETE] | |
| Price | 0 |
| 490 ## - SERIES STATEMENT | |
| Series statement | Estates Gazette |
| Volume/sequential designation | (1993) 31 EG 75-78(4) |
| 520 ## - SUMMARY, ETC. | |
| Summary, etc. | CA 6 October 1992. The first defendant (S) allowed the plaintiff (H) to occupy a room on the second floor of a building. The second defendant (B) owned a shop on the ground floor. Following an application by H to the fair rent officer he was arrested as an overstayer and taken into custody for two weeks. S changed the locks on the room. H initiated proceedings and regaining entry to the room. He found that certain property have been removed and B had taken possession. The court granted H a permanent injunction allowing his quiet enjoyment of the room and gave judgement against S for damage for interference with his goods. It was also held that B was not entitled to arrears of rent from H. At appeal B contended that Landlord and Tenant Act 1987 s48 was not a defense to the claim for the arrears of rent revised on a counterclaim. The appeal was allowed in part. S48 of the Act does apply to tenancies created or in existance before the Act came into force and the section also applies to |
| 650 ## - SUBJECT ADDED ENTRY--TOPICAL TERM | |
| Topical term or geographic name entry element | LANDLORD AND TENANT ACT 1987 S48 |
| 650 ## - SUBJECT ADDED ENTRY--TOPICAL TERM | |
| Topical term or geographic name entry element | POSSESSION |
| 650 ## - SUBJECT ADDED ENTRY--TOPICAL TERM | |
| Topical term or geographic name entry element | QUIET ENJOYMENT |
| 650 ## - SUBJECT ADDED ENTRY--TOPICAL TERM | |
| Topical term or geographic name entry element | RE-ENTRY |
| 650 ## - SUBJECT ADDED ENTRY--TOPICAL TERM | |
| Topical term or geographic name entry element | RENT ARREARS |
| 690 ## - LOCAL SUBJECT ADDED ENTRY--TOPICAL TERM (OCLC, RLIN) | |
| Topical term or geographic name as entry element | LANDLORD AND TENANT-CASE LAW-RESIDENTIAL TENANCIES |
| 942 ## - ADDED ENTRY ELEMENTS (KOHA) | |
| Suppress in OPAC | 0 |
| 948 ## - LOCAL PROCESSING INFORMATION (OCLC); SERIES PART DESIGNATOR (RLIN) | |
| c (OCLC) | 04/03/1997 |
| Withdrawn status | Lost status | Source of classification or shelving scheme | Damaged status | Not for loan | Home library | Current library | Shelving location | Date acquired | Total Checkouts | Full call number | Barcode | Date last seen | Copy number | Price effective from | Koha item type |
|---|---|---|---|---|---|---|---|---|---|---|---|---|---|---|---|
| Dewey Decimal Classification | London | London | Journal article | 14/09/1999 | ABS49195 | 70306-1001 | 06/08/2019 | 1 | 06/08/2019 | Law report |